000 00854cab a2200253 4500
001 WB3410-41
008 090401t1998 xxu||||| |||| 00| 0 eng d
035 _a(Sirsi) u84845
041 _aeng
245 _aLandlord jailed for 2 years
260 _c1998
350 _a0
490 _aCSM
_bChartered Surveyor Monthly
_v7(6) March 1998, 14(1)
520 _aA landlord has been jailed for two years for offences under the Gas Safety (Installation and Use) Regulations 1994, following a student death in rented accommodation from carbon monoxide poisoning.
650 _aCARBON MONOXIDE POISONING
650 _aDEATH
650 _aGAS INSTALLATION
650 _aGAS SAFETY INSTALLATION AND USE REGULATIONS 1994
650 _aLANDLORDS
650 _aRENTED PROPERTY
690 _aBlock management
_96220
942 _n0
948 _c12/03/1998
999 _c53354
_d53354